[Event "Torneo Zonale"]
[Site "La Vella AND"]
[Date "1987.03.??"]
[Round "?"]
[White "Tatai, Stefano"]
[Black "Mariotti, Sergio"]
[WhiteElo "2425"]
[BlackElo "2410"]
[Result "1/2-1/2"]
[PlyCount "21"]
[EventDate "1987.03.30"]

1. d4 e6 2. c4 f5 3. Nf3 Nf6 4. g3 d5 5. Bg2 Be7 6. O-O O-O 7. Nbd2 c6 8. Ne5
Nbd7 9. Ndf3 Nxe5 10. Nxe5 Nd7 11. Nxd7 1/2-1/2

[Event "Torneo Zonale"]
[Site "La Vella AND"]
[Date "1987.03.??"]
[Round "?"]
[White "Tatai, Stefano"]
[Black "Romero Holmes, Alfonso"]
[WhiteElo "2425"]
[BlackElo "2440"]
[Result "1/2-1/2"]
[PlyCount "39"]
[EventDate "1987.03.30"]

1. d4 e6 2. Nf3 Nf6 3. c4 a6 4. Nc3 c5 5. e4 cxd4 6. Nxd4 Bb4 7. Bd3 Nc6 8.
Nxc6 dxc6 9. O-O e5 10. Na4 b5 11. a3 Be7 12. Nc3 Be6 13. Qe2 Ra7 14. cxb5 axb5
15. Qc2 O-O 16. Be3 Rd7 17. Be2 Ng4 18. Bxg4 Bxg4 19. Na2 Be6 20. Nb4 1/2-1/2